00674cam a22002171 450000100060000000300080000600500170001400800410003103500190007203500180009104000400010904100080014908200180015710000480017524500430022326000770026630000210034350400360036465000260040065100300042624767BD-RjUL20211209001109.0720417s1944 enk 000 0 eng  a(BD-RjUL)24836 a(OCoLC)285867 aDLCcOUrCdOCoLCdDLCdBD-RjULbeng aeng a940bGOC 19461 aGooch, G. P.q(George Peabody),d1873-1968.10aCourts and cabinets /cby G. P. Gooch. aLondon ;aNew York [etc.] :bLongmans, Green and co.,c[Reprinted 1946]. a323 p. ;c22 cm. aIncludes bibliographical notes. 0aCourts and courtiers. 0aEuropexKings and rulers.